00000000nam 2200000zi 4500
0019.943344
003CaOODSP
00520250108100825
006m     o  d f      
007cr cn|||||||||
008240918t20242024onc     ob   f000 0 fre d
020 |a9780660736914
040 |aCaOODSP|bfre|erda|cCaOODSP
043 |an-cn---
0861 |aH164-299/2024F-PDF
24500|aLigne directrice : |bmonographie de produit.
264 1|aOttawa (Ontario) : |bSanté Canada = Health Canada, |c2024.
264 4|c©2024
300 |a1 ressource en ligne (vii, 74 pages)
336 |atexte|btxt|2rdacontent/fre
337 |ainformatique|bc|2rdamedia/fre
338 |aressource en ligne|bcr|2rdacarrier/fre
500 |aPublié aussi en anglais sous le titre : Guidance document: product monograph.
500 |a« Date d’adoption 2024-08-30. Date d’entrée en vigueur 2024-12-23. »
500 |a« Pub. : 240542. »
504 |aComprend des références bibliographiques.
650 6|aMédicaments|xAutorisation de mise sur le marché|zCanada.
650 6|aMédicaments|xSpécifications|zCanada.
7101 |aCanada. |bSanté Canada, |eorganisme de publication.
77508|tGuidance document : |w(CaOODSP)9.943343
795 |tLigne directrice : |w(CaOODSP)9.890870
85640|qPDF|s823 Ko|uhttps://publications.gc.ca/collections/collection_2025/sc-hc/H164-299-2024-fra.pdf